000 00474nam a2200205Ia 4500
999 _c47037
_d47037
003 0100
005 20170802094709.0
008 130303s9999 xx 000 0 und d
040 _cARRUPELIB
050 _aB833.R32 1974
245 4 _aThe Rationalists
245 _bDescartes, Spinoza and Leibniz
260 _bDoubleday Anchor Books Inc
_aNY
_c1974
300 _a471p.
300 _b 17cm
650 _aPHILOSOPHY
_934357
700 _aVeitch, John (trans.)
_934349
942 0 0 _01
_2lcc
_cMONOGRAPH